Türkiye ve dünyadan ulus markalama / (Kayıt no. 9780)
[ düz görünüm ]
| 000 -BAŞLIK | |
|---|---|
| Sabit Uzunluktaki Kontrol Alanı | 00524nam a22001817a 4500 |
| 003 - KONTROL NUMARASI KİMLİĞİ | |
| Kontrol Alanı | KOHA_MİRAKIL |
| 005 - EN SON İŞLEM TARİHİ ve ZAMANI | |
| Kontrol Alanı | 20251219092412.0 |
| 008 - SABİT UZUNLUKTAKİ VERİ ÖGELERİ - GENEL BİLGİ | |
| Sabit Alan | 251219b tu ||||| |||| 00| 0 tur d |
| 020 ## - ISBN - ULUSLARARASI STANDART KİTAP NUMARASI | |
| Isbn | 9786257377843 |
| 040 ## - KATALOGLAMA KAYNAĞI | |
| Özgün Kataloglama Kurumu | TR-AnABB |
| Kataloglama Dili | tur |
| Çeviri Kurumu | TR-AnABB |
| 041 ## - DİL KODU | |
| Metin ya da ses kaydının dil kodu | tur |
| 082 ## - DEWEY ONU SINIFLAMA SİSTEMİ | |
| Sınıflama Numarası | 658.827 |
| Cutter numarası | TUR 2024 |
| 245 10 - ESER ADI BİLDİRİMİ | |
| Başlık | Türkiye ve dünyadan ulus markalama / |
| 260 ## - YAYIN, DAĞITIM, VB. | |
| Yayın Yeri | İstanbul : |
| Yayınevi | Cumhurbaşkanlığı İletişim Başkanlığı Yayınları, |
| Yayın Tarihi | 2024 |
| 300 ## - FİZİKSEL TANIMLAMA | |
| Sayfa, Cilt vb. | 338 sayfa ; |
| Boyutları | 24 cm |
| 650 04 - KONU BAŞLIĞI EK GİRİŞ - KONU TERİMİ | |
| Konusal terim veya coğrafi ad | Ticaret |
| 942 ## - EK GİRİŞ ÖGELERİ (KOHA) | |
| Sınıflama Kaynağı | Dewey Decimal Classification |
| Materyal Türü | Kitap |
| 900 ## - YEREL BİLGİ | |
| Kontrol | Gizem YORULMAZ |
| Geri Çekilme Durumu | Kayıp Durumu | Sınıflandırma Kaynağı | Kredi için değil | Kalıcı Konum | Mevcut Konum | Kayıt Tarih | Toplam Ödünçverme | Yer Numarası | Demirbaş Numarası | Son Görülme Tarihi | Fatura Tarihi | Materyal Türü |
|---|---|---|---|---|---|---|---|---|---|---|---|---|
| Dewey Decimal Classification | Büyükşehir Genç Akademi Batıkent | Büyükşehir Genç Akademi Batıkent | 19/12/2025 | 658.827 TUR 2024 | ABB126022 | 19/12/2025 | 19/12/2025 | Kitap |
